| 000 | 00668nam a22002417a 4500 | ||
|---|---|---|---|
| 005 | 20241210151938.0 | ||
| 008 | 241210b ||||| |||| 00| 0 eng d | ||
| 020 | _a9780406920904 | ||
| 040 | _cAL | ||
| 041 | _aEnglish | ||
| 082 |
_223 _a349.42 _bMACH |
||
| 100 |
_aMackay _9189684 |
||
| 245 | _aHalsburys Laws of England: Vol 2(1) | ||
| 260 |
_aUK _bLexisNexis _c2003 |
||
| 300 |
_bHB _c25x16 cm. |
||
| 365 |
_a1061 _b₹4962.80 _c₹ _d₹6845.24 _e27% _f28-11-2024 |
||
| 440 |
_aVolume 2 (1) _9189582 |
||
| 650 |
_aLaw _9189583 |
||
| 650 |
_aAgency _9189584 |
||
| 650 |
_aAllotments and Smallholdings _9189585 |
||
| 650 |
_aAnimals _9189586 |
||
| 942 |
_2ddc _cBI |
||
| 999 |
_c232533 _d232533 |
||